I can't sleep / (Record no. 102423)
[ view plain ]
| 000 -LEADER | |
|---|---|
| fixed length control field | 005929111a2200181 4500 |
| 005 - DATE AND TIME OF LATEST TRANSACTION | |
| control field | 20140412111236.0 |
| 008 - FIXED-LENGTH DATA ELEMENTS--GENERAL INFORMATION | |
| fixed length control field | 140211s1995 xx 000 0 und d |
| 020 ## - INTERNATIONAL STANDARD BOOK NUMBER | |
| International Standard Book Number | 0-8431-3994-3 |
| 050 ## - LIBRARY OF CONGRESS CALL NUMBER | |
| Classification number | ER |
| Item number | Pu96Ic 1995 |
| 100 1# - MAIN ENTRY--PERSONAL NAME | |
| Personal name | Fujimoto, Michi |
| 245 10 - TITLE STATEMENT | |
| Title | I can't sleep / |
| Statement of responsibility, etc | written by Michi Fujimoto. |
| 260 ## - PUBLICATION, DISTRIBUTION, ETC. (IMPRINT) | |
| Place of publication, distribution, etc | New York : |
| Name of publisher, distributor, etc | Putnam & Grosset Group, |
| Date of publication, distribution, etc | 1995. |
| 300 ## - PHYSICAL DESCRIPTION | |
| Extent | 1 v. (unp.) ; ill. |
| 440 #0 - SERIES STATEMENT/ADDED ENTRY--TITLE | |
| Title | The Puzzle Place |
| 500 ## - GENERAL NOTE | |
| General note | Based on the teleplay, "Rip Van Winkle," by Ellis Weiner, Jennifer Bross, and David Yazbek. |
| 650 #4 - SUBJECT ADDED ENTRY--TOPICAL TERM | |
| Topical term or geographic name as entry element | Children stories |
| General subdivision | Fiction |
| Withdrawn status | Lost status | Damaged status | Use restrictions | Home library | Current library | Shelving location | Date acquired | Source of acquisition | Total Checkouts | Full call number | Barcode | Date last seen | Price effective from | Koha item type |
|---|---|---|---|---|---|---|---|---|---|---|---|---|---|---|
| Elizalde Library | Elizalde Library | Easy Reading Section | 04/11/2002 | ER Pu96Ic 1995 | E1697 | 04/12/2014 | 04/12/2014 | Books |